000 00513nam a2200193Ia 4500
005 20240510015513.0
008 240331s9999 xx 000 0 und d
082 _bROL
_a5676
100 _aSri Lanka foundation
245 4 _aThe role of women workers in the plantation economy :
_bseminar report
260 _aColombo
_bSri Lanka Foundation Institute
_c1979
300 _avi, 141 p .,
650 _aWoman
650 _aEconomic
650 _aLaw
650 _aHuman Rights
650 _aSocial
942 _cL
999 _c2724
_d2724